000 00623nam a22002417a 4500
005 20170124110023.0
010 _a504082
020 _c00.00
035 _a504082
037 _bCen Lib/Ret
040 _aDPL
_bEN
082 _a551
_bMAS
100 _aMason, Brian
_920109
245 _aPrinciples of geochemistry /
_cby Brian Mason
250 _a3rd ed
260 _aNew York
_bJohn Wiley
_c1966
270 _bNew York
300 _avii,329p.
_c21cm(Hb)
500 _aIncludes index
650 _aGeochemistry
_920110
650 _aOrganic geochemistry
_920111
942 _2ddc
_cEN
_h551
_mMAS
999 _c127310
_d127310